000
00285nam a22001337a 4500
008
181217b xxu||||| |||| 00| 0 eng d
020
_a
2740352224294
041
_a
eng
080
_2
7 TH
_a
004
100
_a
36
101
_a
SHK
245
_a
Practical Pc
_c
Oja.P
942
_2
udc
_c
BK
999
_c
53275
_d
53275